000 00278nam a22001097a 4500
008 160519b xxu||||| |||| 00| 0 eng d
020 _a1401809960
041 _aeng
080 _a611
245 _aBody structures & functions:
_cAnn Senisi Scott; Elizabeth Fong;
942 _2udc
_cBK
999 _c2263
_d2263